000 00818nam a2200265 a 4500
008
020 _a0397548540 (hbk. )
049 _aMAIN
090 _aRM262
_bSWO
100 1 _aSwonger, Alvin K.
245 1 0 _aNursing pharmacology :
_ban integrated approach to drug therapy and nursing practice /
_cAlvin K. Swonger and Myrtle P. Matejski.
250 _a2nd ed.
260 _aNew York:
_bJ.B. Lippincott,
_c1991.
300 _axvi, 1366p. :
_bill. ;
_c30 cm.
500 _aIncludes index.
504 _aIncludes bibliographical references.
650 0 _aChemotherapy.
650 0 _aNursing.
700 1 _aMatejski, Myrtle P.
907 _a.b10120749
_b27-01-11
_c05-05-04
003
005 20230120203910.0
040 _cNUST
942 _cBOOKS
_kRM262
_mSWO
999 _c113477
_d113477